LEADER 01295nam 2200337Ia 450 001 996396832303316 005 20221108085343.0 035 $a(CKB)4330000000346140 035 $a(EEBO)2240973915 035 $a(OCoLC)12261151 035 $a(EXLCZ)994330000000346140 100 $a19850712d1660 uy | 101 0 $aeng 135 $aurbn||||a|bb| 200 12$aA returne to the ministers of London$b[electronic resource] $eby way of answer to their seasonable exhortations, (so called) directed to their congregations : with sober reproof sent unto them, because of their secret smitings against the despised people called Quakers, whom they have secretly reproached in their said exhortation ... /$fby E.B 210 $aLondon $cPrinted for Robert Wilson ...$d1660 215 $a[2], 29 p 300 $aReproduction of original in Huntington Library. 300 $aAttributed to Edward Burrough by BM. 330 $aeebo-0113 606 $aSociety of Friends$xPersecutions 615 0$aSociety of Friends$xPersecutions. 700 $aBurrough$b Edward$f1634-1662.$01001305 801 0$bEAA 801 1$bEAA 801 2$bm/c 801 2$bWaOLN 906 $aBOOK 912 $a996396832303316 996 $aA returne to the ministers of London$92334683 997 $aUNISA LEADER 00829nam0 22002411i 450 001 UON00312415 005 20231205104101.442 100 $a20080616d1935 |0itac50 ba 101 $aita 102 $aIT 105 $a|||| 1|||| 200 1 $aInvito al teatro$fSilvio D'Amico 210 $aBrescia$cMorcelliana$dc1935 215 $a232 p.$d19 cm. 620 $aIT$dBrescia$3UONL000026 700 1$aD'AMICO$bSilvio$3UONV129999$036359 712 $aMorcelliana$3UONV249885$4650 801 $aIT$bSOL$c20240220$gRICA 899 $aSIBA - SISTEMA BIBLIOTECARIO DI ATENEO$2UONSI 912 $aUON00312415 950 $aSIBA - SISTEMA BIBLIOTECARIO DI ATENEO$dSI ITA II 0082 $eSI MR 40912 5 0082 996 $aInvito al teatro$91374980 997 $aUNIOR